| 000 | 00735nam a2200265Ia 4500 | ||
|---|---|---|---|
| 003 | OSt | ||
| 005 | 20220912151411.0 | ||
| 006 | a|||||r|||| 00| 0 | ||
| 007 | ta | ||
| 008 | 220909b |||||||| |||| 00| 0 eng d | ||
| 024 | _a40082 | ||
| 037 | _cTextual | ||
| 040 |
_aCSL _beng _cCSL |
||
| 041 | _aeng | ||
| 082 | _aB13:3, L2 | ||
| 100 | _aGarnett John | ||
| 245 | 0 | _aAnalytic capacity and measure | |
| 260 |
_aBonlin _bSpringer-Verlag _c1972 |
||
| 300 |
_aiv,138p. _ccm. |
||
| 490 | _aLecture notes in mathematics : A collection of informal reports and seminars; 297 | ||
| 500 | _aBibliography 131-138p | ||
| 650 | _aInteger | ||
| 942 |
_hB13:3, L2 _cTEXL _2CC |
||
| 999 |
_c67592 _d67592 |
||